| 000 | 00740nam a2200241 a 4500 | ||
|---|---|---|---|
| 001 | BRCA_6889 | ||
| 005 | 20190320205629.0 | ||
| 008 | 111111s1923----gw-a######---#000-0#ger-# | ||
| 041 | _ager | ||
| 044 | _agw | ||
| 050 | 4 |
_aPT2383 _b.K35 R45 1923 |
|
| 100 | 1 |
_aKnigge, Adolf von _cEl barón _917162 |
|
| 245 | 1 | 0 |
_aDie Reise nach Braunschweig _cmit Illustrationen von P. Osterwald ; herausgegeben von Richard Elchinger |
| 260 |
_aMúnich _bG. Hirth´s _c1923 |
||
| 300 |
_a172 p. _bil. _c18 cm. |
||
| 500 | _aEstado físico: lomo y cubiertas deteriorados | ||
| 500 | _aO87 | ||
| 650 | 1 | 4 |
_aViajes imaginarios _917163 |
| 700 | 1 |
_aOsterwald, P. _eil. _917164 |
|
| 700 | 1 |
_aElchinger, Richard _eed. _917165 |
|
| 902 | _aGFM | ||
| 942 |
_2lcc _cB |
||
| 999 |
_c6571 _d6571 |
||